000 00297nam a22001337a 4500
008 181008b xxu||||| |||| 00| 0 eng d
020 _a9780030973697
041 _aeng
080 _a575
100 _a5
101 _aBIO
245 _aPrinciples of Biochemistry
_cGarrett,R.H
942 _2udc
_cBK
999 _c49047
_d49047